Normal view
MARC view
- علم النفس التربوي-أطفال-برامج تربية الطفل
Entry Topical Term
001 - CONTROL NUMBER
- control field: 37447
003 - CONTROL NUMBER IDENTIFIER
- control field: JO-AjAnu
005 - DATE AND TIME OF LATEST TRANSACTION
- control field: 20230606080238.0
008 - FIXED-LENGTH DATA ELEMENTS
- fixed length control field: 230606|| aca||aabn | a|a d
040 ## - CATALOGING SOURCE
- Original cataloging agency: JO-AjAnu
- Transcribing agency: JO-AjAnu
150 ## - HEADING--TOPICAL TERM
- Topical term or geographic name entry element: علم النفس التربوي-أطفال-برامج تربية الطفل
670 ## - SOURCE DATA FOUND
- Source citation: Work cat.: (JO-AjAnu)19214: النمر، عصام مؤلف/العمد، عزة م.مشارك/بدران، أميمة م.مشارك, author 37446, تخطيط برامج تربية الطفل وتطويرها